Martres-Tolosane en images - Statistiques

Statistiques générales
  • Ce quiz a été pris 9 fois
  • Le résultat moyen est 5 sur 12
Statistiques - réponses
Par images Hint Réponse % Correct
Fleuve principal Garonne
100%
Aire d'attraction Toulouse
100%
Présidente de la région après maire de cette ville Carole Delga
89%
Eglise catholique Eglise {Saint-Vidian}
44%
Cet art de la commune est connu dans toute la France La faïencerie
44%
Salon artistique qui dure un week-end et qui a accueilli 12 000 visiteurs en 2024 Le Salon des {Arts et du feu}
44%
Usine de cimenterie Lafarge
33%
La deuxième plus grande du monde, en termes de collection de statues romaines Villa romaine de {Chiragan}
33%
Musée Le Grand Presbytère
22%
Canal Canal de {Saint-Martory}
11%
Château Château de {Thèbe}
11%
Film tourné en partie dans cette commune L'Été en pente douce
11%
Aucun quiz correspondant
Distribution des résultats
% des personnes avec chaque résultat
Percentile par nombre de réponses
Votre historique - résultats
Vous n’avez pas pris ce quiz